000 00331nam a2200121Ia 4500
008 151001s9999||||xx |||||||||||||| ||und||
100 _aP. Rylands
245 _aJohnsons life & addison
260 _bg.bell & sons
260 _c1901
300 _a113
365 _b8
999 _c949629
_d949626